| 000 | 00503nam a2200169Ia 4500 | ||
|---|---|---|---|
| 008 | 210719s1970 xx 000 0 und d | ||
| 041 | _aeng | ||
| 082 | _a338.9 MEIE | ||
| 100 | _aMEIER (Gerald M);BALDWIN (Robert E) | ||
| 245 |
_aEconomic development _bTheory history policy |
||
| 260 |
_aBombay _bAsia Publishing House _c1970 |
||
| 300 |
_axiii,586 _bPB |
||
| 365 |
_b20 _cRs |
||
| 650 | _aEconomic Development | ||
| 650 | _aEconomics | ||
| 906 | _adevelopment ; Economic ; history ; policy ; Theory | ||
| 999 |
_c214413 _d214413 |
||